000
00374nam a2200145Ia 4500
008
231129s2006||||xx |||||||||||||| ||spa||
020
_a
84-342-2885-8
040
_b
spa
082
_a
R 741.45 S227p
100
_a
Sanmiguel David
245
0
_a
Pintura al óleo
260
_c
2006
264
_a
Parramón Ediciones
942
_2
ddc
_c
BKS
999
_c
22776
_d
22776